02034nam a2200361   4500003000900000005001700009008004100026040004600067041000800113082002600121092000700147099003600154100005000190245023000240264007500470300007700545336002200622337002400644338003300668504006300701546009600764650005800860650003900918650005600957651001001013856005701023905000701080942001901087999001701106952018401123952018501307952018001492EG-GICUC20260121101155.0251107s1951    ua	||||fr|||| 00| 0 ara d  a EG-GICUCbarac EG-GICUCd EG-GICUCerda0 aara04221a341.8bع ز . ق04221  aLaw1 12	341.8 ع ز . ق   19510 aعز الدين عبد الله eمؤلف.12aالقانون الدولي الخاص المصري:cعز الدين عبد الله .pالمقدمة العامة،الجنسية،الموطن،التمتع بالحقوق (مركز الاجانب)/nالجزء الاول 1aالقاهرة :bمطبعة جامعة فؤاد الاول،c1951.  a519؛صفحةc24 سمbإيضاحيات، صور، مثيليات ؛   2rda contentatext  2rda mediaaComputer  2rda carrieraOnline Resource  aيحتوي على اراجاعات ببليوجرافية
  aالنص أغلبه باللغة العربية مع بعض النصوص الفرنسية1 aالقانون الدولى الخاصzمصر2qrmak1 aتنازع القوانين2qrmak1 aتنازع الاختصاص القضائي2qrmak1 2qrmak40uhttps://fll.law.cu.edu.eg/fulltext/bks/B12-00660.pdf  a75  2ddcn0cBKe21  c41682d41682  00102ddc40718القانون الدولي الخاصaCUbLAW1d2025-11-07l0oLaw1 12	341.8 ع ز . ق   1951  120060	V1, C1pB12-00660r2025-11-07 16:22:37t1w2025-11-07yBK  00102ddc40708القانون الدولي الخاصaCUbLAW1d2025-11-15l0oLaw1 12	341.8 ع ز . ق   1951  1201332	V1, C2pB12-01332r2025-11-15 13:22:29t2w2025-11-15yBK  00102ddc40718القانون الدولي الخاصaCUbLAW2d2025-11-26l0oLaw2 12	341.8 ع ز . ق   1951 1201499	C3pB12-01499r2025-11-26 11:15:23t3w2025-11-26yBK